[Event "Patras op"]
[Site "Patras"]
[Date "2000.??.??"]
[Round "2"]
[White "Andronis, Vasilios"]
[Black "Chilov, Alexandros"]
[Result "0-1"]
[WhiteElo "2033"]
[BlackElo "2268"]
[PlyCount "92"]
[EventDate "2000.??.??"]
[EventType "swiss"]
[EventRounds "9"]
[EventCountry "GRE"]
[SourceTitle "EXT 2001"]
[Source "ChessBase"]
[SourceDate "2000.11.22"]
[SourceVersion "1"]
[SourceVersionDate "2000.11.22"]
[SourceQuality "1"]

1. c4 e5 2. Nc3 Nf6 3. Nf3 Nc6 4. e3 Be7 5. d4 exd4 6. exd4 d5 7. cxd5 Nxd5 8. Bb5 0-0 9. 0-0 Bf6 10. Ne4 Bg4 11. Bxc6 bxc6 12. Qa4 Bxf3 13. gxf3 Qd7 14. Nxf6+ Nxf6 15. Bf4 Nd5 16. Be5 f6 17. Bg3 Rfb8 18. Rfc1 Rb5 19. Qc4 Rb6 20. Bxc7 Rxb2 21. Bg3 Rc8 22. Rab1 Rb6 23. a4 g5 24. a5 Rxb1 25. Rxb1 Qf5 26. Rb7 h5 27. Qe2 h4 28. Bd6 h3 29. Qe4 Qxe4 30. fxe4 Nc3 31. Rb8 Rxb8 32. Bxb8 a6 33. e5 Ne2+ 34. Kf1 Nxd4 35. exf6 Kf7 36. Be5 Nf3 37. Bg3 Kxf6 38. Ke2 Ne5 39. f4 gxf4 40. Bxf4 Kf5 41. Bg3 Ke4 42. Kd1 Nc4 43. Bc7 Kf3 44. Ke1 Ne3 45. Bd6 Kg2 46. Ke2 Ng4 0-1

[Event "Chania op 9th"]
[Site "Chania"]
[Date "1999.08.07"]
[Round "5"]
[White "Darmarakis, Mihail"]
[Black "Chilov, Alexandros"]
[Result "1-0"]
[WhiteElo "2141"]
[BlackElo "2261"]
[PlyCount "73"]
[EventDate "1999.08.03"]
[EventType "swiss"]
[EventRounds "9"]
[EventCountry "GRE"]
[SourceTitle "EXT 2000"]
[Source "ChessBase"]
[SourceDate "1999.11.16"]
[SourceVersion "1"]
[SourceVersionDate "1999.11.16"]
[SourceQuality "1"]

1. e4 e5 2. Nf3 Nc6 3. Nc3 Nf6 4. Bb5 Bb4 5. 0-0 0-0 6. d3 d6 7. Bg5 Bxc3 8. bxc3 Qe7 9. Re1 Nd8 10. d4 Ne6 11. Bd2 c6 12. Bf1 Nc7 13. Rb1 b6 14. g3 Nfe8 15. Nh4 g6 16. Bg2 Ne6 17. Qc1 exd4 18. cxd4 Nxd4 19. Bc3 Ne6 20. Nf5 gxf5 21. exf5 Bd7 22. Rb4 h5 23. Qh6 f6 24. fxe6 Bc8 25. Qxh5 Ng7 26. Rg4 Bxe6 27. Be4 f5 28. Rxg7+ Qxg7 29. Bxg7 Kxg7 30. Bxc6 Rh8 31. Qg5+ Kf7 32. Bxa8 Rxa8 33. Qh5+ Ke7 34. Qh7+ Kd8 35. Rxe6 d5 36. Qe7+ Kc8 37. Rc6+ 1-0

[Event "GRE-chT 28th"]
[Site "Kavala"]
[Date "1999.??.??"]
[Round "?"]
[White "Chilov, Alexandros"]
[Black "Tzermiadianos, Andreas"]
[Result "1/2-1/2"]
[WhiteElo "2211"]
[BlackElo "2454"]
[PlyCount "121"]
[EventDate "1999.??.??"]
[EventType "team"]
[EventRounds "8"]
[EventCountry "GRE"]
[SourceTitle "EXT 2002"]
[Source "ChessBase"]
[SourceDate "2001.11.25"]
[SourceVersion "1"]
[SourceVersionDate "2001.11.25"]
[SourceQuality "1"]

1. d4 Nf6 2. Nf3 g6 3. c4 Bg7 4. Nc3 0-0 5. Bg5 c5 6. e3 cxd4 7. Nxd4 Nc6 8. Be2 Qa5 9. Bxf6 Bxf6 10. 0-0 Bg7 11. Nd5 Qd8 12. Qd2 d6 13. Rfd1 Bd7 14. Rac1 a6 15. b3 Nxd4 16. exd4 e6 17. Nc3 b6 18. Bf3 Ra7 19. Ne4 d5 20. cxd5 exd5 21. Ng3 Bf6 22. Rc2 Bg5 23. Qd3 Bb5 24. Qc3 Qd6 25. Nf1 Bd7 26. Ne3 Rc8 27. Qd3 Rxc2 28. Qxc2 Rc7 29. Qd3 Bb5 30. Qd2 a5 31. Nf5 Qd8 32. Ne3 Ba6 33. Rc1 Rxc1+ 34. Qxc1 Bb7 35. Qc3 h5 36. Qd3 Bf6 37. Qb5 Bxd4 38. Bxd5 Bxd5 39. Qxd5 Qf6 40. a4 Kg7 41. g3 Bc5 42. Kg2 Kg8 43. Qf3 Qd4 44. Nd5 Kg7 45. h4 Qe5 46. Nf4 Qf6 47. Qd5 Qd4 48. Qf3 Bd6 49. Nh3 f6 50. Qb7+ Kf8 51. Qd7 Qe4+ 52. Kh2 Qe7 53. Qc8+ Kf7 54. Qh8 Qe8 55. Qh7+ Ke6 56. Qb7 Qb8 57. Qg7 Qe8 58. Qb7 Qd8 59. Qe4+ Kf7 60. Qd5+ Ke7 61. Qe4+ 1/2-1/2

[Event "Panormo zt"]
[Site "Panormo"]
[Date "1998.11.01"]
[Round "9"]
[White "Supatashvili, Khvicha"]
[Black "Chilov, Alexandros"]
[Result "1-0"]
[WhiteElo "2495"]
[BlackElo "2205"]
[PlyCount "49"]
[EventDate "1998.10.24"]
[EventType "swiss"]
[EventRounds "11"]
[EventCountry "GRE"]
[SourceTitle "CBM 067 Extra"]
[Source "ChessBase"]
[SourceDate "1999.01.01"]
[SourceVersion "1"]
[SourceVersionDate "1999.01.01"]
[SourceQuality "1"]

1. d4 d5 2. c4 c6 3. Nf3 Nf6 4. e3 e6 5. Bd3 Nbd7 6. 0-0 Bd6 7. Nc3 0-0 8. e4 dxe4 9. Nxe4 Nxe4 10. Bxe4 f5 11. Bc2 e5 12. Bg5 Be7 13. Bxe7 Qxe7 14. Nxe5 Nxe5 15. Re1 Qb4 16. Rxe5 Qxb2 17. c5 Rd8 18. Rb1 Qc3 19. Rb3 Qa5 20. Rbe3 Bd7 21. Bb3+ Kh8 22. Rh3 h6 23. Qc1 Kh7 24. Re7 f4 25. Qc2+ 1-0

[Event "Panormo zt"]
[Site "Panormo"]
[Date "1998.10.30"]
[Round "7"]
[White "Kofidis, Andreas"]
[Black "Chilov, Alexandros"]
[Result "1-0"]
[WhiteElo "2380"]
[BlackElo "2205"]
[PlyCount "109"]
[EventDate "1998.10.24"]
[EventType "swiss"]
[EventRounds "11"]
[EventCountry "GRE"]
[SourceTitle "CBM 067 Extra"]
[Source "ChessBase"]
[SourceDate "1999.01.01"]
[SourceVersion "1"]
[SourceVersionDate "1999.01.01"]
[SourceQuality "1"]

1. e4 b6 2. d4 Bb7 3. Nc3 e6 4. Nf3 d6 5. Bd3 Nd7 6. 0-0 e5 7. Bc4 Be7 8. Qe2 Ngf6 9. Bxf7+ Kxf7 10. Qc4+ d5 11. Nxd5 Bxd5 12. exd5 Bd6 13. Ng5+ Kg8 14. Ne6 Qe7 15. Bg5 Re8 16. Rae1 h6 17. Bh4 g5 18. Bg3 e4 19. f4 g4 20. Bh4 Qf7 21. f5 Kh7 22. g3 b5 23. Qe2 Nxd5 24. Qxe4 N7f6 25. Qd3 Rb8 26. c3 Rhc8 27. b3 Rb6 28. c4 bxc4 29. bxc4 Nb4 30. Qc3 Be7 31. a3 Rcb8 32. c5 Nbd5 33. Qc4 Rb2 34. Bxf6 Qh5 35. Bh4 Bxh4 36. Qxd5 Bf6 37. h4 gxh3 38. Nf4 Qg4 39. Qf7+ Bg7 40. Qg6+ Qxg6 41. fxg6+ Kg8 42. Re4 Rd2 43. Ne2 Rd8 44. Rf7 h2+ 45. Kxh2 Bxd4 46. Rxc7 Rc2 47. Kh3 Bxc5 48. Nf4 Rc1 49. Ne6 Rh1+ 50. Kg4 h5+ 51. Kg5 Rd5+ 52. Kh6 Bf8+ 53. g7 Bxg7+ 54. Rxg7+ Kh8 55. Rf7 1-0

[Event "Ikaria op"]
[Site "Ikaria"]
[Date "1998.??.??"]
[Round "8"]
[White "Chilov, Alexandros"]
[Black "Ilandzis, Spyridon"]
[Result "0-1"]
[WhiteElo "2210"]
[BlackElo "2235"]
[PlyCount "76"]
[EventDate "1998.??.??"]
[EventType "swiss"]
[EventRounds "9"]
[EventCountry "GRE"]
[SourceTitle "EXT 2000"]
[Source "ChessBase"]
[SourceDate "1999.11.16"]
[SourceVersion "1"]
[SourceVersionDate "1999.11.16"]
[SourceQuality "1"]

1. d3 c5 2. Nf3 g6 3. g3 Bg7 4. Bg2 Nc6 5. 0-0 e6 6. e4 Nge7 7. Nbd2 d6 8. Re1 0-0 9. Nf1 Rb8 10. c3 b5 11. d4 b4 12. Bf4 bxc3 13. bxc3 cxd4 14. cxd4 e5 15. dxe5 dxe5 16. Be3 Be6 17. Qa4 Rb4 18. Qa3 h6 19. Bc5 Rb5 20. Red1 Qc7 21. Rac1 Rc8 22. Qd3 Qa5 23. Bxe7 Nxe7 24. Rxc8+ Nxc8 25. h4 Rb2 26. h5 g5 27. Ne3 Qxa2 28. Nd2 Qa4 29. Ndc4 Rb4 30. Bf1 Nb6 31. Qd8+ Kh7 32. Nxb6 axb6 33. Nd5 Rd4 34. Rc1 Qa3 35. Rc7 Qf3 36. Qe8 Rd2 37. Nf6+ Qxf6 38. f4 exf4 0-1

[Event "EU-Cup 13th Group6"]
[Site "Heraklion"]
[Date "1997.10.10"]
[Round "1"]
[White "Petrik, Stanislav"]
[Black "Chilov, Alexandros"]
[Result "1-0"]
[WhiteElo "2180"]
[BlackElo "2220"]
[PlyCount "131"]
[EventDate "1997.10.10"]
[EventType "team-k.o."]
[EventRounds "3"]
[EventCountry "GRE"]
[SourceTitle "EXT 2020"]
[Source "ChessBase"]
[SourceDate "2019.10.17"]
[SourceVersion "1"]
[SourceVersionDate "2019.10.17"]
[SourceQuality "1"]
[WhiteTeam "Bratislava Dunaj"]
[BlackTeam "Heraklion"]
[WhiteTeamCountry "SVK"]
[BlackTeamCountry "GRE"]

1. e4 e5 2. Nf3 Nc6 3. d4 exd4 4. c3 d3 5. Bxd3 d6 6. Bc4 Nf6 7. Qb3 Qd7 8. Qc2 Be7 9. 0-0 0-0 10. Nbd2 Qd8 11. h3 Kh8 12. Re1 Nd7 13. Nd4 Bf6 14. Nxc6 bxc6 15. Nf3 Bb7 16. Bf4 Ne5 17. Bxe5 dxe5 18. Qb3 Rb8 19. Qa3 a6 20. Rad1 Qe8 21. Qc5 Bc8 22. b3 Be6 23. Bxa6 Rb6 24. Bf1 h6 25. Rd2 g5 26. Red1 g4 27. Nxe5 gxh3 28. g3 Rg8 29. Kh2 Bxb3 30. Nd7 Bxd1 31. Nxf6 Qf8 32. Qxf8 Rxf8 33. Nd7 Rd8 34. Rxd1 Rb2 35. Bxh3 Rxf2+ 36. Bg2 Rxa2 37. e5 Kg7 38. Kh3 Kh8 39. Bxc6 Rc2 40. Rd3 Kg7 41. Bb5 h5 42. Rf3 Ra8 43. Nf6 Ra1 44. Bf1 Rcc1 45. Kg2 Kg6 46. Nd5 Ra2+ 47. Kg1 c5 48. c4 Raa1 49. Kg2 Ra2+ 50. Kg1 Raa1 51. Ne3 Ra2 52. Ng2 Raa1 53. Nh4+ Kg7 54. Nf5+ Kg6 55. Nd6 Re1 56. Rf6+ Kg5 57. Nxf7+ Kg4 58. Kg2 h4 59. Rg6+ Kf5 60. Bd3+ Re4 61. Rf6+ Kg4 62. Nh6+ Kh5 63. Bxe4 h3+ 64. Kxh3 Rh1+ 65. Bxh1 Kg5 66. Nf7+ 1-0

[Event "Chania op 7th"]
[Site "Chania"]
[Date "1997.09.10"]
[Round "8"]
[White "Kouvatsou, Maria"]
[Black "Chilov, Alexandros"]
[Result "1-0"]
[WhiteElo "2135"]
[BlackElo "2220"]
[PlyCount "97"]
[EventDate "1997.09.03"]
[EventType "swiss"]
[EventRounds "9"]
[EventCountry "GRE"]
[SourceTitle "EXT 1998"]
[Source "ChessBase"]
[SourceDate "1997.11.17"]
[SourceVersion "1"]
[SourceVersionDate "1997.11.17"]
[SourceQuality "1"]

1. e4 c5 2. c3 d6 3. d4 Nf6 4. dxc5 Nc6 5. Bc4 dxc5 6. Qxd8+ Nxd8 7. f3 Be6 8. Bxe6 Nxe6 9. Be3 0-0-0 10. Nd2 g5 11. Nh3 Rg8 12. Nf2 Nd7 13. Nd3 g4 14. f4 Bh6 15. Ke2 f5 16. e5 b5 17. g3 c4 18. Nb4 Ndc5 19. a4 Rxd2+ 20. Kxd2 bxa4 21. Kc2 Kb7 22. Rhd1 Rc8 23. Nd5 Bf8 24. Bg1 Kc6 25. Ne3 Kb5 26. Nxf5 Nd3 27. Ne3 Nec5 28. Nxg4 Nb3 29. Rab1 Rc6 30. Nf2 Ndc5 31. Rd8 Bh6 32. Ng4 Rg6 33. Ne3 Na5 34. Rb8+ Kc6 35. Rd1 e6 36. Rc8+ Kb5 37. Rb8+ Kc6 38. Rdd8 Ncb7 39. Rdc8+ Kd7 40. Bf2 a6 41. Nxc4 Nxc4 42. Rxc4 Na5 43. Rxa4 Nc6 44. Rb7+ Kc8 45. Rf7 Nd8 46. Rc4+ Nc6 47. Rxc6+ Kd8 48. Bb6+ Ke8 49. Rb7 1-0

[Event "Ikaria op"]
[Site "Ikaria"]
[Date "1997.??.??"]
[Round "?"]
[White "Chilov, Alexandros"]
[Black "Kotronias, Vasilios"]
[Result "0-1"]
[WhiteElo "2185"]
[BlackElo "2590"]
[PlyCount "72"]
[EventDate "1997.??.??"]
[EventType "swiss"]
[EventRounds "9"]
[EventCountry "GRE"]
[SourceTitle "EXT 2003"]
[Source "ChessBase"]
[SourceDate "2002.11.25"]
[SourceVersion "1"]
[SourceVersionDate "2002.11.25"]
[SourceQuality "1"]

1. e4 c5 2. Nf3 Nc6 3. d4 cxd4 4. Nxd4 Nf6 5. Nc3 d6 6. Bc4 Qb6 7. Nxc6 bxc6 8. 0-0 g6 9. Bb3 Bg7 10. Be3 Qc7 11. h3 a5 12. f4 0-0 13. Bd4 a4 14. Nxa4 Nxe4 15. Bxg7 Kxg7 16. Qd4+ Nf6 17. Nc3 c5 18. Qd3 e6 19. Nb5 Qb6 20. c4 d5 21. a4 Bb7 22. Qe3 Ne4 23. f5 exf5 24. cxd5 Rad8 25. Rfd1 Rfe8 26. Bc4 Qf6 27. Nc3 Nd6 28. Qd3 f4 29. Bb5 Re3 30. Qd2 Qe5 31. Be2 Ne4 32. Nxe4 Rxd5 33. Qc2 Rxd1+ 34. Rxd1 Bxe4 35. Bd3 Qd4 36. Bxe4 Re1+ 0-1

[Event "GRE-chT"]
[Site "Athens"]
[Date "1997.??.??"]
[Round "7"]
[White "Gelashvili, Tamaz"]
[Black "Chilov, Alexandros"]
[Result "1-0"]
[WhiteElo "2360"]
[BlackElo "2185"]
[PlyCount "150"]
[EventDate "1997.??.??"]
[EventType "team-swiss"]
[EventRounds "9"]
[EventCountry "GRE"]
[SourceTitle "EXT 2002"]
[Source "ChessBase"]
[SourceDate "2001.11.25"]
[SourceVersion "1"]
[SourceVersionDate "2001.11.25"]
[SourceQuality "1"]

1. e4 g6 2. d4 Bg7 3. Nc3 e6 4. Nf3 Ne7 5. h4 h6 6. Bf4 d5 7. Qd2 Nbc6 8. Bb5 a6 9. Bxc6+ Nxc6 10. 0-0-0 Ne7 11. Rhe1 c6 12. Nh2 dxe4 13. Nxe4 Nf5 14. Nf3 h5 15. Bg5 f6 16. Bf4 0-0 17. Kb1 Re8 18. Ng3 Nxg3 19. Bxg3 Qd5 20. Qd3 Kf7 21. Nd2 b5 22. Ne4 Rd8 23. Qf3 Ke7 24. Rd3 f5 25. Ng5 Qxf3 26. Nxf3 Rd5 27. Be5 Bh6 28. c3 c5 29. Rdd1 c4 30. Ng1 Bd7 31. Re2 a5 32. Nh3 b4 33. Bf4 Bg7 34. f3 Ra6 35. Bc7 Bh6 36. Bf4 Bg7 37. Rc1 Rc6 38. Bd2 Rb5 39. Rce1 Rd6 40. Rd1 Kf7 41. Rde1 Bf6 42. Ng5+ Bxg5 43. hxg5 bxc3 44. Bxc3 Bc6 45. Rh1 Bd5 46. Kc1 a4 47. a3 Rb3 48. Kd2 Rd8 49. Rh4 Ke7 50. Ke3 Kd7 51. g3 Rf8 52. Rf4 Rbb8 53. Bb4 Rh8 54. Rh4 Rh7 55. Reh2 Rf7 56. Rf4 Rh8 57. Rfh4 Rhh7 58. Rf4 Kc6 59. Kd2 Kd7 60. Ke1 Kc6 61. Re2 Rb7 62. Kf2 Rbf7 63. Rh4 Rb7 64. Bc3 Rbf7 65. Ke3 Rb7 66. Kf4 Rbf7 67. Rf2 Kd7 68. Re2 Kc6 69. Re5 Rb7 70. Rh2 Rbe7 71. Re1 Ref7 72. Re5 Rh8 73. Be1 Rb8 74. Rhe2 Rb3 75. Bc3 Rb5 1-0

[Event "Ikaria op"]
[Site "Ikaria"]
[Date "1997.??.??"]
[Round "?"]
[White "Podlesnik, Bogdan"]
[Black "Chilov, Alexandros"]
[Result "1-0"]
[WhiteElo "2410"]
[BlackElo "2185"]
[PlyCount "69"]
[EventDate "1997.??.??"]
[EventType "swiss"]
[EventRounds "9"]
[EventCountry "GRE"]
[SourceTitle "EXT 2003"]
[Source "ChessBase"]
[SourceDate "2002.11.25"]
[SourceVersion "1"]
[SourceVersionDate "2002.11.25"]
[SourceQuality "1"]

1. e4 c5 2. Nf3 e6 3. d4 cxd4 4. Nxd4 Nf6 5. Nc3 d6 6. f4 Nc6 7. Be3 Be7 8. Qf3 e5 9. Nxc6 bxc6 10. f5 0-0 11. 0-0-0 Qa5 12. Bc4 Bb7 13. Bb3 Rad8 14. g4 d5 15. g5 d4 16. gxf6 Bxf6 17. Bd2 dxc3 18. Bxc3 Qc7 19. Rdg1 Qe7 20. Rg3 Kh8 21. Rhg1 Rd4 22. Qg2 Rg8 23. Rh3 Rgd8 24. Bxd4 exd4 25. Qg4 Be5 26. Qh5 Bf4+ 27. Kb1 h6 28. Bxf7 d3 29. cxd3 Ba6 30. Rxg7 Bxd3+ 31. Rxd3 Qxe4 32. Rh7+ Kxh7 33. Qg6+ Kh8 34. Qf6+ Kh7 35. Bg6+ 1-0

[Event "GRE-chT"]
[Site "Athens"]
[Date "1996.??.??"]
[Round "9"]
[White "Chilov, Alexandros"]
[Black "Karabelas, Vasilios"]
[Result "1-0"]
[WhiteElo "2185"]
[BlackElo "2075"]
[PlyCount "81"]
[EventDate "1996.??.??"]
[EventType "team"]
[EventRounds "9"]
[EventCountry "GRE"]
[SourceTitle "CBM 055 Extra"]
[Source "ChessBase"]
[SourceDate "1997.01.01"]
[SourceVersion "1"]
[SourceVersionDate "1997.01.01"]
[SourceQuality "1"]

1. Nf3 Nf6 2. g3 g6 3. Bg2 Bg7 4. 0-0 0-0 5. c4 d6 6. d3 e5 7. e4 Nc6 8. Nc3 h6 9. Ne1 Be6 10. Nc2 Qd7 11. f4 Kh7 12. Nd5 Ne8 13. f5 Bxd5 14. cxd5 Nd4 15. Nxd4 exd4 16. Bh3 Qe7 17. fxg6+ fxg6 18. Rxf8 Qxf8 19. Bd2 Qe7 20. Qb3 Rb8 21. Qa4 a6 22. Qd7 Qxd7 23. Bxd7 Nf6 24. Bh3 c5 25. dxc6 bxc6 26. b3 c5 27. Bf4 Rb6 28. Be6 Nh5 29. Bd2 Be5 30. Rc1 Nf6 31. Rc4 Ne8 32. Ra4 Rb7 33. Bd5 Ra7 34. Ba5 Re7 35. Bb6 Nc7 36. Bxc7 Rxc7 37. Rxa6 Kg7 38. a4 Kf8 39. a5 Ke7 40. Ra8 Kd7 41. a6 1-0

[Event "Aegina op"]
[Site "Aegina"]
[Date "1996.??.??"]
[Round "2"]
[White "Mastrokoukos, Georgios"]
[Black "Chilov, Alexandros"]
[Result "1-0"]
[WhiteElo "2375"]
[BlackElo "2185"]
[PlyCount "195"]
[EventDate "1996.??.??"]
[EventType "swiss"]
[EventRounds "9"]
[EventCountry "GRE"]
[SourceTitle "EXT 1997"]
[Source "ChessBase"]
[SourceDate "1996.11.15"]
[SourceVersion "1"]
[SourceVersionDate "1996.11.15"]
[SourceQuality "1"]

1. e4 e5 2. Nf3 Nc6 3. d4 exd4 4. Nxd4 d6 5. c4 Nxd4 6. Qxd4 Ne7 7. Nc3 Nc6 8. Qd2 Be6 9. Be2 Qd7 10. 0-0 0-0-0 11. Nd5 f5 12. exf5 Bxf5 13. b4 b6 14. a4 a5 15. bxa5 Nxa5 16. Qb4 Qc6 17. Be3 Be4 18. Bxb6 Bxd5 19. Bg4+ Rd7 20. Bxa5 Qxc4 21. Rfe1 Qxb4 22. Bxb4 Kd8 23. Bxd7 Kxd7 24. Reb1 Bc4 25. a5 Be7 26. a6 Bf6 27. Ra4 Ra8 28. a7 Bb5 29. Ra5 c6 30. Rd1 d5 31. Bc5 Kc7 32. Bd4 Bxd4 33. Rxd4 Kb6 34. Ra3 Rxa7 35. Rxa7 Kxa7 36. Rf4 Kb6 37. Rf7 Bd3 38. Rxg7 c5 39. f4 c4 40. Kf2 Kc5 41. Ke3 d4+ 42. Kd2 Be4 43. f5 c3+ 44. Kd1 Bd5 45. f6 Kd6 46. f7 Ke7 47. f8Q+ Kxf8 48. Rd7 Bxg2 49. Rxd4 Kf7 50. Rf4+ Ke6 51. Kc2 Ke5 52. Rf2 Be4+ 53. Kxc3 h5 54. Rf8 Bf5 55. Kd2 Kf4 56. Ke2 Ke4 57. Kd2 Kf4 58. Kc3 Kg4 59. Kd4 Bd7 60. Ke3 Bc6 61. Rf4+ Kg5 62. h4+ Kg6 63. Kd4 Bd7 64. Ke5 Bg4 65. Kd6 Bd1 66. Ke7 Kg7 67. Rf5 Bg4 68. Rg5+ Kh7 69. Kf6 Kh6 70. Rg8 Kh7 71. Rf8 Bd1 72. Kg5 Kg7 73. Rf6 Bg4 74. Rf1 Be2 75. Re1 Bg4 76. Re7+ Kg8 77. Kg6 Kf8 78. Re1 Bd7 79. Kxh5 Kg8 80. Kh6 Kh8 81. Re7 Bc6 82. Rg7 Bd5 83. h5 Bb3 84. Rb7 Bg8 85. Kg6 Bc4 86. Rb8+ Bg8 87. Rb7 Bd5 88. Re7 Bb3 89. Rc7 Bd5 90. Rc8+ Bg8 91. Kg5 Kh7 92. h6 Kh8 93. Ra8 Kh7 94. Ra7+ Kh8 95. Kg6 Bd5 96. h7 Bf3 97. Kh6 Be4 98. Rd7 1-0

[Event "GRE-chT"]
[Site "Athens"]
[Date "1996.??.??"]
[Round "6"]
[White "Mastrovasilis, Athanasios"]
[Black "Chilov, Alexandros"]
[Result "1-0"]
[WhiteElo "2240"]
[BlackElo "2185"]
[PlyCount "79"]
[EventDate "1996.??.??"]
[EventType "team"]
[EventRounds "9"]
[EventCountry "GRE"]
[SourceTitle "CBM 055 Extra"]
[Source "ChessBase"]
[SourceDate "1997.01.01"]
[SourceVersion "1"]
[SourceVersionDate "1997.01.01"]
[SourceQuality "1"]

1. d4 f5 2. Bg5 g6 3. Nc3 Bg7 4. e4 fxe4 5. f3 d5 6. Qd2 e3 7. Bxe3 c5 8. Bb5+ Nc6 9. dxc5 d4 10. 0-0-0 e5 11. Nge2 Be6 12. Bg5 Qa5 13. Nxd4 exd4 14. Rhe1 Kd7 15. Qf4 Qc7 16. Qxc7+ Kxc7 17. Rxe6 Rf8 18. Nd5+ Kb8 19. Bf4+ Kc8 20. Bxc6 bxc6 21. Rxc6+ Kd7 22. Rd6+ Kc8 23. Rc6+ Kd7 24. Rd6+ Kc8 25. Re1 Bh6 26. Rc6+ Kd8 27. Rd6+ Kc8 28. Bxh6 Nxh6 29. Ne7+ Kc7 30. Nd5+ Kc8 31. c6 Rf7 32. Re7 Nf5 33. Rxf7 Nxd6 34. Rxa7 Kb8 35. Rd7 Nb5 36. a4 Nc7 37. Nxc7 Rc8 38. Na6+ Ka8 39. c7 Kb7 40. Rd8 1-0

[Event "GRE-chT"]
[Site "Athens"]
[Date "1996.??.??"]
[Round "1"]
[White "Stojanovic, Mihajlo"]
[Black "Chilov, Alexandros"]
[Result "1/2-1/2"]
[WhiteElo "2465"]
[BlackElo "2185"]
[PlyCount "88"]
[EventDate "1996.??.??"]
[EventType "team"]
[EventRounds "9"]
[EventCountry "GRE"]
[SourceTitle "CBM 055 Extra"]
[Source "ChessBase"]
[SourceDate "1997.01.01"]
[SourceVersion "1"]
[SourceVersionDate "1997.01.01"]
[SourceQuality "1"]

1. d4 Nf6 2. c4 c5 3. d5 e5 4. Nc3 d6 5. e4 Be7 6. f4 exf4 7. Bxf4 0-0 8. Nf3 Bg4 9. Qd2 Bxf3 10. gxf3 Nh5 11. Be3 Bh4+ 12. Kd1 Na6 13. Be2 g6 14. Kc2 Ng7 15. Rag1 Qe7 16. a3 Rae8 17. Bd3 Kh8 18. Nb5 b6 19. Bf4 Rd8 20. Rg4 Bf6 21. h4 Nh5 22. Bg5 Nb8 23. f4 a6 24. Nc3 Nd7 25. Re1 Rfe8 26. Qh2 Qf8 27. Bxf6+ Ndxf6 28. Rg5 Nd7 29. Be2 f6 30. Rgg1 Qh6 31. Ref1 Rf8 32. Bg4 f5 33. exf5 gxf5 34. Bh3 Ng7 35. Rg5 Rf7 36. Qg3 Nf8 37. Rg1 Ng6 38. h5 Nxh5 39. Qe3 Nhxf4 40. Bxf5 Qh2+ 41. Kb3 Qh6 42. Be6 Re8 43. Qf3 Rff8 44. Bf5 Re5 1/2-1/2